Culture Générale - Série 1787 - Statistiques

Statistiques générales
  • Ce quiz a été pris 200 fois
  • Le résultat moyen est 4 sur 10
Statistiques - réponses
Question Réponse % Correct
Quel volcan a détruit Pompéi en 79 apr. J.-C ? Vésuve
97%
Dans quel département se trouve la commune de Carnac, connue pour ses alignements de 2 934 menhirs, et sa station balnéaire ? Morbihan
78%
Quelle est la capitale de la Moldavie ? Chișinău
68%
Quelle ville des Etats Unis abrite l'université de Colombia ? New York
56%
Quel pays a une partie de son territoire au-delà du cercle Arctique ? Finlande
50%
Dans quelle pays européen coule la rivière "Olt" ? Roumanie
22%
Quel film est une biographie à peine voilée du magnat de la presse William Randolph Hearst ? Citizen Kane
19%
Dans quelle ville italienne se trouve le circuit automobile Dino et Enzo Ferrari ? Imola
19%
A quel nom la firme automobile Panhard a-t-elle toujours été associée ? Levassor
10%
Quel était l'emblème de la marque de voiture Hispano-Suiza ? cigogne
3%
Aucun quiz correspondant
Distribution des résultats
% des personnes avec chaque résultat
Percentile par nombre de réponses
Votre historique - résultats
Vous n’avez pas pris ce quiz